Harvest time / (Record no. 2361)

MARC details
000 -LEADER
fixed length control field 01024cam a2200313 a 4500
005 - DATE AND TIME OF LATEST TRANSACTION
control field 20240208105430.0
020 ## - INTERNATIONAL STANDARD BOOK NUMBER
International Standard Book Number 9781577685784
040 ## - CATALOGING SOURCE
Original cataloging agency DLC
Transcribing agency DLC
Modifying agency DLC
Language of cataloging eng
050 00 - LIBRARY OF CONGRESS CALL NUMBER
Classification number PZ7.M462
Item number Har 2004
082 00 - DEWEY DECIMAL CLASSIFICATION NUMBER
Classification number 546
Edition number 22
100 1# - MAIN ENTRY--PERSONAL NAME
Personal name Mayer, Mercer
Dates associated with a name 1943-
245 10 - TITLE STATEMENT
Title Harvest time /
Statement of responsibility, etc. by Mercer Mayer.
260 ## - PUBLICATION, DISTRIBUTION, ETC.
Place of publication, distribution, etc. Columbus, Ohio :
Name of publisher, distributor, etc. McGraw-Hill Children's Pub.,
Date of publication, distribution, etc. c2004.
300 ## - PHYSICAL DESCRIPTION
Extent 24 pages :
Other physical details color illustrations
Dimensions 22 cm
490 0# - SERIES STATEMENT
Series statement First readers
500 ## - GENERAL NOTE
General note "Mercer Mayer's Little Critter."
500 ## - GENERAL NOTE
General note "Level 3."
505 ## - FORMATTED CONTENTS NOTE
Formatted contents note G
520 ## - SUMMARY, ETC.
Summary, etc. Little Critter and his younger sister help their grandparents pick pumpkins and apples, take down the scarecrow, and do other chores at harvest time.
521 2# - TARGET AUDIENCE NOTE
Target audience note 400
Source Lexile estimate
521 2# - TARGET AUDIENCE NOTE
Target audience note G
Source Raz-Plus
650 #1 - SUBJECT ADDED ENTRY--TOPICAL TERM
Topical term or geographic name entry element Harvesting
Form subdivision Fiction.
650 #1 - SUBJECT ADDED ENTRY--TOPICAL TERM
Topical term or geographic name entry element Farm life
Form subdivision Fiction.
650 #1 - SUBJECT ADDED ENTRY--TOPICAL TERM
Topical term or geographic name entry element Grandparents
Form subdivision Fiction.
650 #1 - SUBJECT ADDED ENTRY--TOPICAL TERM
Topical term or geographic name entry element Siblings
Form subdivision Fiction.
906 ## - LOCAL DATA ELEMENT F, LDF (RLIN)
a 7
b cbc
c orignew
d 1
e ocip
f 20
g y-gencatlg
942 ## - ADDED ENTRY ELEMENTS (KOHA)
Source of classification or shelving scheme Dewey Decimal Classification
Koha item type Books
Suppress in OPAC No
999 ## -
-- 2361
-- 2361
Holdings
Withdrawn status Lost status Source of classification or shelving scheme Damaged status Not for loan Collection Home library Current library Shelving location Date acquired Total Checkouts Full call number Barcode Date last seen Price effective from Koha item type
    Dewey Decimal Classification     Juvenile Fiction Footprints International School Library Network Toul Kork Campus Footprints International School Library Network Toul Kork Campus   11/20/2023   MAY 546 PZ7.M462 FISTK00850 11/20/2023 11/20/2023 Books